[Event "Amantea op-B 9th"]
[Site "Amantea"]
[Date "2011.09.08"]
[Round "5"]
[White "Ferro, Ferruccio"]
[Black "Oscare, Nicoletta"]
[Result "1-0"]
[WhiteElo "1480"]
[BlackElo "1266"]
[PlyCount "29"]
[EventDate "2011.09.04"]
[EventType "swiss"]
[EventRounds "8"]
[EventCountry "ITA"]
[SourceTitle "EXT 2014"]
[Source "ChessBase"]
[SourceDate "2013.11.20"]
[SourceVersion "1"]
[SourceVersionDate "2013.11.20"]
[SourceQuality "1"]

1. e4 e6 2. f4 d6 3. Nf3 e5 4. Bc4 f6 5. 0-0 Ne7 6. fxe5 dxe5 7. Nxe5 fxe5 8. Qh5+ Ng6 9. Bf7+ Kd7 10. Kh1 Qe7 11. Bxg6 hxg6 12. Qxh8 Ke8 13. d3 Be6 14. Bg5 Qd7 15. Qxf8# 1-0